Diversity Management and Organizational Culture in Healthcare Facilities in Slovakia

Saved in:
Bibliographic Details
Main Author: Jankelová, Nadežda, 1966-
Other Authors: Czarneczki, Paweł, Durasiewicz, Arkadiusz, Masár, Dušan
Format: Book
Language:English
Published: Warsaw Collegium Humanum - Warsaw Management University 2022
Edition:1st Edition
Subjects:
Tags: Add Tag
No Tags, Be the first to tag this record!

MARC

LEADER 00000nam a2200000 4500
001 0286661
005 20240502083915.4
020 |a 978-83-958245-8-6 
041 0 |a eng 
044 |a PL 
245 1 0 |a Diversity Management and Organizational Culture in Healthcare Facilities in Slovakia  |c Nadežda Jankelová, Paweł Czarneczki ; reviewers: Arkadiusz Durasiewicz, Dušan Masár 
250 |a 1st Edition 
264 1 |a Warsaw  |b Collegium Humanum - Warsaw Management University  |c 2022 
300 |a 139 s. [7,10 AH] 
610 2 0 |a manažment rozmanitosti 
610 2 0 |a diverzita 
610 2 0 |a kultúra podniková 
610 2 0 |a starostlivosť zdravotná 
610 2 0 |a zariadenia zdravotnícke 
610 2 0 |a zdravotníctvo verejné 
610 2 0 |a Slovensko 
100 1 |a Jankelová, Nadežda, 1966- 
700 1 |a Czarneczki, Paweł 
700 1 |a Durasiewicz, Arkadiusz 
700 1 |a Masár, Dušan